000 00479nam a22001457a 4500
008 220407b |||||||| |||| 00| 0 eng d
020 _a0486422593.
050 _aQA9.S88 2002
100 _aSuppes,Patrick and Hill,Shirley(ed)
_951283
245 _aFirst course in mathematical logic.
_cPatrick Suppes and Shirley Hill
260 _aNew York:
_bDover Publications,
_c1964.
300 _avi,
_b274p.;
_c21cm.
650 _aLogic,symbolic and mathematical
942 _2lcc
_cMONOGRAPH
999 _c131282
_d131282